| 000 | 01091nam a2200253Ia 4500 | ||
|---|---|---|---|
| 999 |
_c54911 _d54911 |
||
| 001 | 21982 | ||
| 003 | GE_BSU | ||
| 005 | 20220921125759.0 | ||
| 008 | 181216s1975||||ge |||||||||||||| ||geo|| | ||
| 040 | _cGE_BSU | ||
| 041 | _ageo | ||
| 080 | _a821.353.1.09-11 მ-75 | ||
| 100 |
_aმიშველაძე, რევაზ _93537 |
||
| 245 |
_aთანამედროვე ქართული პოემა / _cრევაზ მიშველაძე ; რედ. ც. ქაროსანიძე ; მხატვ. ტ. შეყილაძე. |
||
| 264 |
_aთბილისი : _bმერანი, _c1975. |
||
| 300 |
_a291გვ. ; _c20 სმ. |
||
| 541 | _h8ლ. | ||
| 653 | _aთანამედროვე ქართული პოემა | ||
| 653 | _aქართული ლიტერატურა | ||
| 653 | _aქართული პოემა | ||
| 700 |
_aქაროსანიძე, ც. _eრედაქტორი _93742 |
||
| 700 |
_aშეყილაძე, ტ. _eმხატვარი _95892 |
||
| 942 |
_cBK _2udc |
||